| 000 | 00479nam a2200133 a 4500 | ||
|---|---|---|---|
| 040 | _cDLC | ||
| 082 | 0 | 0 | _a371 REG 1987 C146 Or. |
| 245 | 0 | 0 |
_aContinuing to learn : _ba guidebook for teacher development / |
| 260 |
_aAndover, Mass. : _bRegional Laboratory for Educational Improvement of Northeast and Islands ; _aOxford, Ohio : _bNational Staff Development Council, _cc1987. |
||
| 300 |
_a175 p. ; _c23 cm. |
||
| 650 | 0 | _aTeachers | |
| 700 | 2 | _aLoucks-Horsley, Susan. | |
| 942 | _cAEDBB | ||
| 999 |
_c18520 _d18520 |
||